=LDR 00000nam 2200000 4500 =001 INLIS000000000809699 =008 ###################################ind## =035 ##$$a 0010-0825000192 =245 ##$$a Tanah Penyangga Kehidupan / $c Anang Saepuloh =260 ##$$b Habsa =020 ##$$a 978602821969890 =084 ##$$a 551 LOH t =082 ##$$a 551